Interpretability and expandability of deep learning systems in the field of medical image data processing

Na minha lista:
Detalhes bibliográficos
Autor principal: Alqnatri, Ahmed Lotfi (Author)
Outros Autores: Benešová, Vanda (Thesis advisor)
Formato: Manuscrito Livro
Idioma:eslovaco
inglês
Publicado em: 2023
Assuntos:
Acesso em linha:http://is.stuba.sk/zp/portal_zp.pl?podrobnosti=169771
Tags: Adicionar Tag
Sem tags, seja o primeiro a adicionar uma tag!

MARC

LEADER 00000ntm a22000003a 4500
001 stuzp94815
003 SK-STU
005 20230909223207.9
007 ta
008 150427s2015----xo-----f-mn---000-0-slo-d
040 |a STU  |b slo 
041 0 |a eng 
100 1 |a Alqnatri, Ahmed Lotfi  |u 070400  |k Z3  |4 aut  |U FIIT Fakulta informatiky a informačných technológií  |T FIIT Ústav počítačového inžinierstva a aplikovanej informatiky  |X 91983  |U I400  |Y 672  |7 91983 
242 0 1 |a Interpretovateľnosť a vysvetliteľnosť systémov hlbokého učenia v doméne spracovania medicínskych obrazových dát  |y slo 
245 1 0 |a Interpretability and expandability of deep learning systems in the field of medical image data processing 
260 |c 2023 
650 4 |a Interpretovateľnosť  |2 slo 
650 4 |a Klasifikácia  |2 slo 
650 4 |a Ultrazvuk  |2 slo 
650 4 |a Vysvetliteľnosť  |2 slo 
650 4 |a Rakovina prsníka  |2 slo 
650 4 |a Segmentácia  |2 slo 
650 4 |a Hlboké učenie  |2 slo 
650 4 |a Interpretability  |2 eng 
650 4 |a Explainability  |2 eng 
650 4 |a Breast Cancer  |2 eng 
650 4 |a Classification  |2 eng 
650 4 |a Segmentation  |2 eng 
650 4 |a Deep Learning  |2 eng 
650 4 |a Ultrasound  |2 eng 
700 1 |a Benešová, Vanda  |u 070400  |k Z1  |4 ths  |U FIIT Fakulta informatiky a informačných technológií  |T FIIT Ústav počítačového inžinierstva a aplikovanej informatiky  |X 63121  |U I400  |Y 672  |7 63121 
856 4 |u http://is.stuba.sk/zp/portal_zp.pl?podrobnosti=169771